| 000 | 00804nam a2200265Ia 4500 | ||
|---|---|---|---|
| 001 | Para_1270 | ||
| 003 | CHAP | ||
| 008 | 220125s1999 xx 000 0 und d | ||
| 010 | _a199978 | ||
| 040 | _cCHAP | ||
| 090 | _aPA FOLLETO 3462 | ||
| 100 |
_aJiménez Jiménez, Eleazar _961551 |
||
| 245 |
_a50 años de combate biológico de plagas agrícolas en México / _c por Eleazar Jiménez Jiménez |
||
| 260 |
_aMéxico, D.F. : _b Dirección General de Sanidad Vegetal |
||
| 300 | _a55 p. | ||
| 650 |
_aControl biológico de plagas _927587 |
||
| 710 |
_aDirección General de Sanidad Vegetal _9162523 |
||
| 901 | _aPA FOLLETO 3462 | ||
| 902 | _aA | ||
| 905 | _a0000001999 a 0000000000 00 | ||
| 910 | _a1999 | ||
| 942 | _cPARA | ||
| 942 |
_cPARA _d1 |
||
| 999 |
_c199978 _d199978 |
||